000 00445nam a22001817a 4500
003 LK-CoDNM
005 20250110121620.0
008 250102b |||||||| |||| 00| 0 eng d
040 _aLK-CoDNM
_dLK-CoDNM
_eLK-CoDNM
041 _aeng
080 _a5
_bP26
100 _aW.P. Pycraft
245 _aAnimal Geography
260 _aLondon
_bWells Gardner, Darton & co. Ltd
300 _b128p. : ill ; 24 cm
650 _aScience
942 _cBK
999 _c235940
_d235940